| Tag |
First Indicator |
Second Indicator |
Subfields |
| LEADER |
00000cgm a2200000Mi 4500 |
| 001 |
in00005509155 |
| 006 |
m o c |
| 007 |
vz |za||| |
| 007 |
cr |za|||||||| |
| 008 |
150526r20152014enk004 f o vueng d |
| 005 |
20241105202519.0 |
| 035 |
|
|
|a (OCoLC)ocn958929132
|
| 040 |
|
|
|a UAB
|b eng
|e rda
|e pn
|c UAB
|d OCLCO
|d OCLCF
|d OCLCQ
|d OCLCO
|d SGPBL
|d OCLCQ
|d U3W
|d NRC
|d OCLCQ
|d OCLCA
|d OCLCO
|d AZK
|
| 019 |
|
|
|a 1315907887
|a 1319447816
|a 1354822551
|
| 020 |
|
|
|a 9781473932081
|q (streaming video)
|
| 020 |
|
|
|a 1473932084
|q (streaming video)
|
| 035 |
|
|
|a (OCoLC)958929132
|z (OCoLC)1315907887
|z (OCoLC)1319447816
|z (OCoLC)1354822551
|
| 041 |
0 |
|
|j eng
|
| 050 |
|
4 |
|a LB1137
|
| 082 |
0 |
4 |
|a 372.21
|2 23
|
| 049 |
|
|
|a TXAM
|
| 245 |
0 |
0 |
|a Picking grass for baby.
|
| 264 |
|
1 |
|a London, United Kingdom :
|b SAGE Publications Ltd.,
|c [2015]
|
| 264 |
|
4 |
|c ©2014
|
| 300 |
|
|
|a 1 online resource (1 video file (4 min., 55 sec.)) :
|b sound, colour
|
| 336 |
|
|
|a two-dimensional moving image
|b tdi
|2 rdacontent
|
| 337 |
|
|
|a computer
|b c
|2 rdamedia
|
| 338 |
|
|
|a online resource
|b cr
|2 rdacarrier
|
| 344 |
|
|
|a digital
|2 rda
|
| 347 |
|
|
|a data file
|2 rda
|
| 490 |
1 |
|
|a Introduction to early childhood ;
|v 3
|
| 500 |
|
|
|a Previously issued: 2014.
|
| 520 |
8 |
|
|a Young children play on a playground in this un-narrated video.
|
| 521 |
|
|
|a Specialized.
|
| 546 |
|
|
|a Closed-captions in English.
|
| 588 |
0 |
|
|a Online resource; title from home page (viewed on June 3, 2015).
|
| 650 |
|
0 |
|a Play.
|
| 650 |
|
0 |
|a Early childhood education.
|
| 650 |
|
2 |
|a Play and Playthings
|
| 650 |
|
6 |
|a Jeu.
|
| 650 |
|
6 |
|a Éducation de la première enfance.
|
| 650 |
|
7 |
|a play (recreation)
|2 aat
|
| 650 |
|
7 |
|a early childhood education.
|2 aat
|
| 650 |
|
7 |
|a Early childhood education.
|2 fast
|0 (OCoLC)fst00900596
|
| 650 |
|
7 |
|a Play.
|2 fast
|0 (OCoLC)fst01066938
|
| 655 |
|
2 |
|a Webcast
|
| 655 |
|
7 |
|a Internet videos.
|2 fast
|0 (OCoLC)fst01750214
|
| 655 |
|
7 |
|a Nonfiction television programs.
|2 fast
|0 (OCoLC)fst01710270
|
| 655 |
|
7 |
|a Nonfiction television programs.
|2 lcgft
|
| 655 |
|
7 |
|a Internet videos.
|2 lcgft
|
| 655 |
|
7 |
|a Émissions télévisées autres que de fiction.
|2 rvmgf
|
| 655 |
|
7 |
|a Vidéos sur Internet.
|2 rvmgf
|
| 830 |
|
0 |
|a Introduction to early childhood ;
|v 3.
|
| 856 |
4 |
0 |
|u http://proxy.library.tamu.edu/login?url=https://sk.sagepub.com/video/picking-grass-for-baby
|z Connect to this streaming video
|t 0
|
| 955 |
|
|
|a SAGE Video Education
|
| 994 |
|
|
|a 92
|b TXA
|
| 999 |
f |
f |
|s d327bfc9-9100-48b3-9811-85de3e8f881b
|i 5d2f288b-c0b5-4d1d-9cab-b1fff1d3128f
|t 0
|
| 952 |
f |
f |
|a Texas A&M University
|b College Station
|c Electronic Resources
|d Available Online
|t 0
|e LB1137
|h Library of Congress classification
|
| 998 |
f |
f |
|a LB1137
|t 0
|l Available Online
|